Comunicación social

Saved in:
Bibliographic Details
Main Author: Otero Bello, Edison (autor)
Format: Book
Language:Spanish
Published: Santiago Universitaria 1999
Series:Colección Orientaciones en Ciencia, Tecnología y Cultura
Subjects:
Tags: Add Tag
No Tags, Be the first to tag this record!

MARC

LEADER 00000nam a2200000 a 4500
001 UCP6051
003 CL-VaPUC
008 991008e19990000CL |||||||||||||||||spa|d
082 0 4 |a 302.2  |b OTE  |2 21 
100 |a Otero Bello, Edison  |e autor  |9 585504 
245 1 0 |a Comunicación social 
300 |a 94 p 
942 |c BK 
945 |d 19991008 00:00:00  |a rbrito 
260 |a Santiago  |b Universitaria  |c 1999 
650 0 |a Comunicación social  |9 334226 
650 0 |a Medios de comunicación de masas  |9 257273 
650 0 |a Comunicación   |9 257251 
583 |a last modification  |c 20150406 01:03:16  |k Rodrigo Vera 
490 0 |a Colección Orientaciones en Ciencia, Tecnología y Cultura 
999 |c 283679  |d 283677 
952 |0 0  |1 0  |4 0  |6 302_200000000000000_OTE_1999  |7 0  |8 A  |9 327045  |a BIBENE  |b BIBENE  |d 2019-11-20  |i 3569551  |o 302.2 OTE 1999  |p 3569551  |r 2025-01-15  |w 2019-11-20  |y BK  |k ICO